Power Laws in the Information Production Process Lotkaian Informetrics /

Bibliographic Details
Main Author: Egghe, Leo
Format: eBook
Language:English
Published: Bingley: Emerald Group Publishing Limited, 2005
Subjects:
Online Access:Acceso restringido

MARC

LEADER 00000nam a22000007a 4500
005 2021021808248.0
007 cr|||| ||||
008 210218s2005 gb |||||s|||| 00||0 eng d
020 |a 978-0-12088-753-8 
035 |a 32001 
040 |a vLex 
090 |c 11188  |d 11188 
100 1 |a Egghe, Leo 
245 1 0 |a Power Laws in the Information Production Process  |h [Recurso electrn̤ico] :  |b Lotkaian Informetrics /  |c Leo Egghe 
256 |a Servicio en ln̕ea 
260 |a Bingley:  |b Emerald Group Publishing Limited,  |c 2005 
300 |a 1 recurso electrn̤ico 
506 1 |a Disponible solo en los productos indicados  |d vLex Global  |d vLex Global (Academic Edition, excluding Law Schools)  |d vLex Global (Academic Edition, Law Schools)  |d vLex Global (U.S. Academic Edition, excluding Law Schools)  |d vLex Global (Academic Edition, Law Schools) 
650 0 4 |a Ciencias sociales  |z Reino Unido 
740 0 |a vLex Libros (Servicio en ln̕ea) 
856 4 0 |u http://vlex.com/source/32001  |z Acceso restringido 
942 |c BOOK 
999 0 |a Social Sciences